| 000 | 00537nam a22001697a 4500 | ||
|---|---|---|---|
| 999 |
_c62939 _d62939 |
||
| 003 | NUST - PNEC | ||
| 005 | 20170511114536.0 | ||
| 008 | 150414b xxu||||| |||| 00| 0 eng d | ||
| 040 | _cLIBRARY | ||
| 082 | _a297.63 HAY | ||
| 100 |
_92481 _aHaykal,Muhammad Husein |
||
| 245 |
_aThe life of Muhammad : Translated from the Ismail Ragi A. Al Faruqi _cMuhammad Husein Haykal |
||
| 260 |
_aKuala Lumpur: _bIslamic Book Trust, _cc1993. |
||
| 300 |
_a639 p. : _c22 cm. |
||
| 650 |
_92482 _aIslam, Muhammad(PBUH) Life _xGeneral |
||
| 942 |
_2ddc _cBK |
||